| 000 | 00492nam a2200169 i 4500 | ||
|---|---|---|---|
| 001 | 21506 | ||
| 003 | ES-MaACL | ||
| 005 | 20250430203725.0 | ||
| 007 | t| | ||
| 008 | 021126s1929 sp ||||1| spa d | ||
| 100 | 1 |
_aAlberti, Rafael, _d1902-1999 _9240174 |
|
| 245 | 1 | 0 |
_aCal y canto / _cRafael Alberti. |
| 260 |
_aMadrid : _b[s.n., _c1929] ( _fTip. Nacional) |
||
| 300 |
_a164 p. ; _c21 cm. |
||
| 852 |
_aES-MaACL _jR-2958 _bR.8647 _x Olim: B-3967 |
||
| 999 |
_c21506 _d21506 |
||